[Event "Washington Class Championships"]
[Site "Redmond, WA"]
[Date "2012.11.24"]
[Round "2"]
[White "Wang Michael  (WA)"]
[Black "Hadzic Huso  (WA)"]
[Result "1/2-1/2"]
[WhiteElo "2148"]
[BlackElo "2179"]
[Annotator ""]
[Source ""]
[Remark "Master"]

1.c4 Nf6 2.Nc3 e6 3.Nf3 d5 4.d4 Be7 5.e3 O-O 6.Qc2 b6 7.cxd5
exd5 8.Be2 Bb7 9.O-O Nbd7 10.b3 Rc8 11.Bb2 a6 12.Rfd1 Bd6 13.Rac1
Qe7 14.Nh4 g6 15.Nf3 Rfe8 16.Qb1 Ng4 17.Rf1 c5 18.Nd1 c4 19.h3
Nh6 20.Nd2 b5 21.Bf3 Nf5 22.bxc4 bxc4 23.Nxc4 Rxc4 24.Rxc4 Nh4
25.Rc3 Nxf3+ 26.gxf3 Qg5+ 27.Kh1 Qh4 28.Kg2 Qg5+ 29.Kh1 Qh4 30.Kg2 1/2-1/2

[Event "Washington Class Championships"]
[Site "Redmond, WA"]
[Date "2012.11.24"]
[Round "3"]
[White "Whitmer Catherine  (WA)"]
[Black "Yeo Joey  (WA)"]
[Result "1-0"]
[WhiteElo "615"]
[BlackElo "1153"]
[Annotator ""]
[Source ""]
[Remark "E"]

1.e4 e5 2.Nf3 Nc6 3.Nc3 Nf6 4.Bb5 a6 5.Be2 Bc5 6.Nxe5 Bxf2+ 7.Kxf2
Nxe5 8.d4 Nc6 9.e5 Ng8 10.Bf3 Qh4+ 11.Ke3 f6 12.g3 Qg5+ 13.Kf2
Qg6 14.Bh5 Qxh5 15.Qxh5+ g6 16.Qe2 fxe5 17.dxe5 Nge7 18.Rf1 Nd4
19.Qd1 Rf8+ 20.Kg1 Ndf5 21.g4 Ng7 22.Bh6 Rg8 23.Bxg7 Rxg7 24.Qf3
Nf5 25.gxf5 gxf5+ 26.Kh1 d6 27.Rae1 Bd7 28.exd6+ Kf8 29.Qxb7
Re8 30.Rxe8+ Kxe8 31.Re1+ Kf8 32.dxc7 f4 33.c8Q+ Kf7 34.Qcxd7+
Kg6 35.Qxg7+ Kh5 36.Qc6 f3 37.Qch6# 1-0

[Event "Washington Class Championships"]
[Site "Redmond, WA"]
[Date "2012.11.24"]
[Round "3"]
[White "Allen Robert  (WA)"]
[Black "Davis Frederick  (WA)"]
[Result "0-1"]
[WhiteElo "1705"]
[BlackElo "1632"]
[Annotator ""]
[Source ""]
[Remark "B"]

1.d4 Nf6 2.c4 g6 3.Nc3 Bg7 4.e4 d6 5.Nf3 O-O 6.Be2 e5 7.d5 a5
8.O-O Na6 9.Ne1 Nc5 10.Qc2 Ne8 11.Nd3 b6 12.Be3 f5 13.exf5 Bxf5
( 13...gxf5 14.f4 e4 15.Nf2 Nf6 16.Nb5 h5 17.h4 Bd7 18.Nd4 Kh8
19.Qd2 Qe7 20.Rad1 Rae8 21.Rfe1 Rg8 22.Nh3 Ng4 23.Ng5 Bf6 24.b3
Qg7 25.Bxg4 hxg4 26.Ne2 Nd3 27.Rf1 Re7 28.g3 Ra8 29.Nc1 Bc3 30.Qe2
Rae8 31.Kg2 c6 32.dxc6 Bxc6 33.Bxb6 e3+ 34.Kh2 Nxc1 35.Rxc1 Rb8
36.c5 d5 37.Rfd1 d4 38.a4 Qg8 39.Rxc3 dxc3 40.Rd6 Qxb3 {0-1, Weyns Danny - Werner Dimo (GER) 2372, Chartres (France) 1990}
) 14.Qd2 Nf6 15.Bg5 Qc8 16.Rae1 Nfe4 17.Nxe4 Nxe4 18.Qe3 Nxg5
19.Qxg5 e4 20.Nf4 Bf6 21.Qg3 Bxb2 22.h4 Be5 23.Qe3 Qd8 24.g3
Bxf4 25.Qxf4 Bh3 26.Qxe4 Qf6 27.Bd1 Bxf1 28.Rxf1 Rae8 29.Qc2
Qd4 30.Qa4 Re1 31.Qc2 Re7 32.h5 gxh5 33.Bxh5 Rg7 34.Kg2 Rg5 35.Bf3
Qf4 36.Be4 Rxg3+ 0-1

[Event "Washington Class Championships"]
[Site "Redmond, WA"]
[Date "2012.11.24"]
[Round "3"]
[White "He Daniel  (WA)"]
[Black "Xing Casey  (WA)"]
[Result "1/2-1/2"]
[WhiteElo "2030"]
[BlackElo "2086"]
[Annotator ""]
[Source ""]
[Remark "Expert"]

1.e4 e6 2.Qe2 b6 3.g3 Bb7 4.Bg2 d5 5.d3 Nf6 6.e5 Nfd7 7.Nf3 c5
8.O-O Nc6 9.c4 d4 10.h4 Be7 11.Bf4 h6 12.h5 a6 13.Nbd2 Qc7 14.Rfe1
Rb8 15.g4 b5 16.Bg3 Nb4 17.Rec1 Rc8 18.cxb5 axb5 19.Nxd4 Bxg2
20.Kxg2 Qb7+ 21.N4f3 Qd5 22.Rc3 Nxa2 23.Ra3 Nb4 24.Qe4 O-O 25.Kh3
Rb8 1/2-1/2

[Event "Washington Class Championships"]
[Site "Redmond, WA"]
[Date "2012.11.24"]
[Round "3"]
[White "Le Blanc Paul  (CAN)"]
[Black "Gibbon Brian  (WA)"]
[Result "1/2-1/2"]
[WhiteElo "1903"]
[BlackElo "1826"]
[Annotator ""]
[Source ""]
[Remark "A"]

1.d4 Nf6 2.c4 e6 3.g3 d5 4.Bg2 c6 5.Nf3 Nbd7 6.O-O Be7 7.b3 b6
8.Nc3 Bb7 9.Re1 O-O 10.Bb2 Rc8 11.e4 dxe4 12.Nd2 c5 13.Ncxe4
Rc7 14.Qe2 Nxe4 15.Nxe4 cxd4 16.Bxd4 Nf6 17.Rad1 Qa8 18.Be5 Rcc8
19.Nxf6+ gxf6 20.Bxb7 Qxb7 21.Bd6 Rfd8 22.Bf4 Bf8 23.Rd2 Rxd2
24.Qxd2 Be7 25.Rd1 Rd8 26.Qe2 Rxd1+ 27.Qxd1 Qe4 1/2-1/2

[Event "Washington Class Championships"]
[Site "Redmond, WA"]
[Date "2012.11.24"]
[Round "3"]
[White "Saroiu Nicholas  (WA)"]
[Black "Smith Andrew  (WA)"]
[Result "0-1"]
[WhiteElo "602"]
[BlackElo "988"]
[Annotator ""]
[Source ""]
[Remark "F"]

1.e4 c5 2.Bb5 g6 3.d4 Bg7 4.dxc5 Qa5+ 5.Nc3 Bxc3+ 6.bxc3 Qxb5
7.Be3 Nf6 8.e5 Ne4 9.Bd4 Nxc5 10.e6 f6 11.exd7+ Bxd7 12.Nf3 Nc6
13.Rb1 Qc4 14.a4 Bg4 15.Bxc5 Qxc3+ 16.Kf1 Qxc5 17.Rxb7 Rd8 18.Qe1
O-O 19.g3 Bxf3 20.Rg1 Qc4+ 0-1

[Event "Washington Class Championships"]
[Site "Redmond, WA"]
[Date "2012.11.24"]
[Round "6"]
[White "Eva David  (WA)"]
[Black "Roback Joe  (CAN)"]
[Result "0-1"]
[WhiteElo "1879"]
[BlackElo "1903"]
[Annotator ""]
[Source ""]
[Remark "A"]

1.e4 c5 2.Nf3 a6 3.d4 cxd4 4.c3 Nf6 5.e5 Nd5 6.cxd4 d6 7.Nc3
Nxc3 8.bxc3 e6 9.Bd3 Qc7 10.O-O Nd7 11.Bf4 dxe5 12.Nxe5 Bd6 13.Qg4
g6 14.Rfe1 Nxe5 15.dxe5 Bf8 16.h4 h5 17.Qg3 Bd7 18.Bxg6 {?} Rg8
19.Bxf7+ Kxf7 20.Qf3 Rg4 21.Bg5+ Kg8 22.Qf6 Bg7 23.Qg6 Qc6 24.g3
Be8 ( 24...Qxc3 ) 25.Qd3 Rc8 26.Rac1 Qc4 27.Qd2 Bc6 28.Bf4 Bf8
29.Red1 Qe4 0-1

[Event "Washington Class Championships"]
[Site "Redmond, WA"]
[Date "2012.11.24"]
[Round "4"]
[White "He Samuel  (WA)"]
[Black "He Daniel  (WA)"]
[Result "1/2-1/2"]
[WhiteElo "1983"]
[BlackElo "2030"]
[Annotator ""]
[Source ""]
[Remark "Expert"]

1.b3 b6 2.Bb2 Bb7 3.c4 c5 4.e3 e6 5.Nf3 Nf6 6.Be2 Be7 7.O-O O-O
8.d4 cxd4 9.Nxd4 a6 10.Bf3 Qc7 11.Nc3 Nc6 12.Nxc6 Bxc6 13.Bxc6
dxc6 14.Qf3 Rad8 15.Rad1 Rxd1 16.Rxd1 Rd8 17.Rxd8+ Bxd8 18.Ne4
Nxe4 19.Qxe4 Qd6 20.Qd4 Qxd4 21.Bxd4 Bc7 22.Kf1 c5 23.Bc3 f6
24.g3 Kf7 25.Ke2 1/2-1/2

[Event "Washington Class Championships"]
[Site "Redmond, WA"]
[Date "2012.11.23"]
[Round "1"]
[White "Caluza Severo  (CAN)"]
[Black "He Samuel  (WA)"]
[Result "0-1"]
[WhiteElo "1847"]
[BlackElo "1983"]
[Annotator ""]
[Source ""]
[Remark "Expert"]

1.c4 b6 2.Nc3 Bb7 3.d4 e6 4.Bf4 Bb4 5.e3 Nf6 6.Qb3 a5 7.a3 Bxc3+
8.bxc3 d6 9.Nf3 Nbd7 10.Be2 Ne4 11.h4 Rb8 12.Rd1 Qe7 13.Kf1 e5
14.dxe5 dxe5 15.Rxd7 Qxd7 16.Nxe5 Nd2+ 17.Kg1 Nxb3 18.Nxd7 Kxd7
19.Bg4+ Kc6 20.Kh2 h5 21.Bf3+ Kc5 22.Be2 Rbd8 23.Bxc7 Rd2 24.Re1
f6 25.Kg3 g6 26.a4 Rh7 27.Bf4 Nc1 28.Bf1 Nd3 0-1

[Event "Washington Class Championships"]
[Site "Redmond, WA"]
[Date "2012.11.23"]
[Round "5"]
[White "Rupel David  (WA)"]
[Black "He Samuel  (WA)"]
[Result "0-1"]
[WhiteElo "2134"]
[BlackElo "1983"]
[Annotator ""]
[Source ""]
[Remark "Expert"]

1.d4 g6 2.c4 Bg7 3.Nc3 c5 4.d5 Bxc3+ 5.bxc3 f5 6.f3 Nf6 7.Bh6
d6 8.Nh3 Nbd7 9.Qa4 a6 10.e3 Qb6 11.Qb3 Qa5 12.Be2 Rb8 13.O-O
Rg8 14.a4 Ne5 15.Ng5 Bd7 16.e4 fxe4 17.Nxe4 Bf5 18.Ng3 Bd7 19.Bf4
Nf7 20.Ne4 Kd8 21.Rfe1 Kc7 22.Ng5 Nxg5 23.Bxg5 Bf5 24.Bd1 Rge8
25.Bc2 Bxc2 26.Qxc2 Kb6 27.Qb3+ Ka7 28.Rab1 Qc7 29.Re6 Ng8 30.Rbe1
Rbd8 31.Qc2 Qd7 32.h4 Ka8 33.R1e2 Ka7 34.R2e4 Ka8 35.a5 Qc7 36.Qa4
Kb8 37.Bf4 Rf8 38.Bg5 Rd7 39.h5 h6 40.Bd2 g5 41.Rg6 Rdd8 42.Ree6
Rf6 43.Qa1 Rxe6 44.Rxe6 Rf8 45.Rg6 Ka7 46.Kh2 Qd8 47.Kg1 Rf6
48.Qb1 Qe8 49.Rg7 Rf8 50.Qh7 Qc8 51.Qg6 Qd8 52.Kh2 Qc8 53.Kg3
Qd8 54.Be3 Ka8 55.Kh2 Ka7 56.Bf2 Nf6 57.Bg1 Qe8 58.Qxh6 {??}
Rh8 59.Rxe7 0-1

[Event "Washington Class Championships"]
[Site "Redmond, WA"]
[Date "2012.11.23"]
[Round "1"]
[White "Bartron Paul  (WA)"]
[Black "Haining Kyle  (WA)"]
[Result "0-1"]
[WhiteElo "2110"]
[BlackElo "1918"]
[Annotator ""]
[Source ""]
[Remark "Expert"]

1.e4 g6 2.d4 Bg7 3.c3 d6 4.Nf3 Nf6 5.Bd3 O-O 6.O-O c5 7.Re1 Qc7
8.dxc5 dxc5 9.e5 Ng4 10.Qe2 Nc6 11.Bf4 Rd8 12.Bg3 Ngxe5 13.Nxe5
( 13.Bc4 {%02=/$15} ) Bxe5 14.Bxe5 Qxe5 15.Qxe5 Nxe5 16.Rxe5
Rxd3 17.Na3 Be6 18.Rxc5 Rad8 19.Kf1 a6 20.Rc7 b5 21.Re1 Rd2 22.Re2
Rd1+ 23.Re1 R1d2 24.Re2 Bf5 25.Rexe7 Rxb2 26.Ke1 Be6 27.Ra7 Kf8
28.Rec7 Rdd2 29.Ra8+ Kg7 30.Rxa6 Re2+ 31.Kd1 Kh6 ( 31...Bg4 )
32.Kc1 Rxa2 0-1

[Event "Washington Class Championships"]
[Site "Redmond, WA"]
[Date "2012.11.24"]
[Round "3"]
[White "Bartron Paul  (WA)"]
[Black "He Samuel  (WA)"]
[Result "1-0"]
[WhiteElo "2110"]
[BlackElo "1983"]
[Annotator ""]
[Source ""]
[Remark "Expert"]

1.e4 g6 2.d4 Bg7 3.c3 d5 4.exd5 Qxd5 5.Nf3 Bg4 6.Be2 Nc6 7.h3
Bxf3 ( 7...Bxf3 8.Bxf3 Qe6+ 9.Be3 Qd7 10.Qb3 Nd8 11.Nd2 e6 12.Ne4
c6 13.Bg5 b6 14.O-O h6 15.Bf4 Ne7 16.Rfe1 g5 17.Be5 O-O 18.Nf6+
Bxf6 19.Bxf6 Nd5 20.Be5 b5 21.c4 bxc4 22.Qxc4 f6 23.Bg3 f5 24.Be5
Nf7 25.Rac1 Nxe5 26.Rxe5 Rac8 27.g3 Kg7 28.Qe2 Rf6 29.Re1 Re8
30.a3 Re7 31.Rc1 Qd6 32.b4 Rb7 33.Qc4 Rb6 34.Kg2 Kg6 35.Be2 Rb7
36.Qa6 Rc7 37.Qc4 Rff7 38.Qc5 Qxc5 39.Rxe6+ Kg7 40.Rxc5 {1-0, Garcia Palermo Carlos (ARG) 2460 - Verrascina Roberto (ITA) 2240, Rome (Italy) 1990}
) 8.Bxf3 Qe6+ 9.Be3 Qd7 10.Qb3 Nd8 11.Nd2 Nf6 12.O-O-O c6 13.Rhe1
O-O 14.Nc4 Qc7 15.Ne5 e6 16.Bf4 Qc8 17.Kb1 h6 18.c4 Nd7 19.Ng4
Kh7 20.Bd6 Re8 21.h4 f5 22.Ne5 Nxe5 23.dxe5 Nf7 24.h5 g5 25.g4
Nxd6 26.Rxd6 Qc7 27.c5 Qe7 28.Qc2 Rf8 29.gxf5 exf5 30.Bg4 Kh8
31.Bxf5 Rad8 32.Re2 a6 33.Qd3 Kg8 34.Be6+ Kh8 35.Bb3 Rfe8 36.Bc2
Bf8 37.e6 b6 38.Rd7 Rxd7 39.exd7 Qe3 40.Qh7# 1-0

[Event "Washington Class Championships"]
[Site "Redmond, WA"]
[Date "2012.11.24"]
[Round "6"]
[White "May Sarah  (WA)"]
[Black "Saarenas Mark  (WA)"]
[Result "1-0"]
[WhiteElo "1881"]
[BlackElo "1871"]
[Annotator ""]
[Source ""]
[Remark "A"]

1.e4 e6 2.d4 d5 3.e5 c5 4.c3 Nc6 5.Nf3 Qb6 6.a3 Bd7 7.Be2 c4
8.O-O f6 9.Qc2 fxe5 10.Nxe5 Nxe5 11.dxe5 O-O-O 12.Be3 Bc5 13.Bxc5
Qxc5 14.Nd2 Ne7 15.Nf3 Rdf8 16.Nd4 h5 17.f4 Nc6 18.Qd2 Na5 19.Kh1
Nb3 20.Nxb3 cxb3 21.Rac1 Kb8 22.c4 Bc6 23.Qc3 dxc4
( 23...d4 {!} ) 24.Bxc4 Rh6 25.Qxb3 Rg6 26.Rc2 Be4 27.Bd3 Qd4
28.Bxe4 Qxe4 29.Qc4 Qxc4 30.Rxc4 Rd8 31.Rc2 h4 32.h3 Rd3 33.f5
exf5 34.Rxf5 a6 35.Re2 Re6 36.Rf4 Rd5 37.Rxh4 Rexe5 38.Rxe5 Rxe5
39.Rg4 g5 40.h4 gxh4 41.Rxh4 a5 42.b4 axb4 43.Rxb4 Ka7 44.Kh2
Ka6 45.a4 b6 46.g4 Rc5 47.Kg3 Rc6 48.g5 Ka5 49.Rf4 b5 50.axb5
Kxb5 51.Kg4 Rc1 52.Rd4 Kc6 53.Kf5 Rf1+ 54.Ke6 Re1+ 55.Kf7 Rf1+
56.Kg7 Kc5 57.Rd2 Rb1 58.g6 Rb7+ 59.Kh8 Rb8+ 60.Kh7 Rb1 61.g7
Rh1+ 62.Kg8 Rg1 63.Rh2 1-0

[Event "Washington Class Championships"]
[Site "Redmond, WA"]
[Date "2012.11.25"]
[Round "5"]
[White "Gelb Nicolo R  (WA)"]
[Black "Le Blanc Paul  (CAN)"]
[Result "0-1"]
[WhiteElo "1846"]
[BlackElo "1903"]
[Annotator ""]
[Source ""]
[Remark "A"]

1.e4 c6 2.d4 g6 3.Bd3 d5 4.e5 Nh6 5.Nd2 Bg7 6.Ne2 Bf5 7.Nf3
( 7.Nf3 Bxd3 8.Qxd3 Na6 9.Bg5 Qd7 10.Qd2 Ng8 11.h4 h5 12.Nf4
Nc7 13.O-O-O O-O-O 14.e6 Nxe6 15.Nxe6 Qxe6 16.Qa5 Qd6 17.Qxa7
f6 18.Be3 Nh6 19.Rd3 Ng4 20.Nd2 Nxe3 21.fxe3 e5 22.Nb3 Bf8 23.Na5
Qb8 24.Qxb8+ Kxb8 25.Rb3 Rd7 26.dxe5 Kc8 27.exf6 Bh6 28.Kb1 Rf8
29.c4 Rxf6 30.cxd5 Rxd5 31.Nxb7 Rb5 32.Rxb5 cxb5 33.Nc5 Bxe3
34.Nd3 Kb7 35.Re1 Bd4 36.Re4 Bb6 37.Re5 Rf1+ 38.Kc2 Rh1 39.Rxb5
Rxh4 40.Rg5 Rc4+ 41.Kb3 Rc6 42.a4 Be3 43.Rb5+ Ka7 44.a5 g5 45.Re5
Bd2 46.Ka4 Rd6 47.Re7+ Ka8 48.Nc5 Rd4+ 49.Kb5 Rb4+ 50.Ka6 Kb8
51.b3 Bf4 52.Na4 Kc8 53.Nb6+ Kd8 54.Rd7+ Ke8 55.Rd3 h4 56.Kb7
Bh2 57.a6 Bg1 58.Rd6 Ke7 59.Rh6 Rxb3 60.a7 Bxb6 61.a8Q {1-0, Vavra Pavel_ (CZE) 2380 - Gaertner Guntram (AUT) 2325, Prague (Czech Republic) 1994}
) e6 8.c3 Nd7 9.h4 Qb6 10.a3 O-O-O 11.b4 Bxd3 12.Qxd3 Ng4 13.Be3
f6 14.exf6 Bxf6 15.Ng5 Nxe3 16.Qxe3 Bxg5 17.hxg5 e5 18.Kd2 Rde8
19.Qd3 Re7 20.Rae1 Rhe8 21.Nc1 Qc7 22.Kd1 e4 23.Qh3 Kb8 24.Nb3
Nb6 25.Na5 Rf8 26.Re2 Ref7 27.Qe3 Nc8 28.Nb3 Nd6 29.Nc5 Nc4 30.Qh3
Qd6 31.a4 b6 32.Nb3 Rxf2 33.Rxf2 Rxf2 34.Qxh7 Nb2+ 35.Kc1 Nxa4
36.Qh8+ Rf8 37.Qg7 Qf4+ 38.Kd1 e3 39.Qe5+ Qxe5 40.dxe5 Nxc3+
41.Ke1 Re8 42.Rh3 Rxe5 43.Nd4 Kc7 44.Nc2 Nb5 45.Rxe3 Rxe3+ 46.Nxe3
Kd6 47.Ng4 Ke6 48.Ke2 Nc3+ 49.Kf3 Na2 0-1

[Event "Washington Class Championships"]
[Site "Redmond, WA"]
[Date "2012.11.24"]
[Round "4"]
[White "Le Blanc Paul  (CAN)"]
[Black "Smith Micah  (WA)"]
[Result "1-0"]
[WhiteElo "1903"]
[BlackElo "1908"]
[Annotator ""]
[Source ""]
[Remark "A"]

1.d4 d5 2.c4 c6 3.Nf3 Nf6 4.Nc3 dxc4 5.a4 Bf5 6.e3 e6 7.Bxc4
Bb4 8.O-O O-O 9.Bd3 Bg4 10.Qb3 Qe7 11.Ne5 Bh5 12.Bd2 Nbd7
( 12...c5 13.dxc5 Bxc5 14.Ne4 Nxe4 15.Bxe4 Nc6 16.Nxc6 bxc6 17.Rfc1
Bg6 18.Bxg6 hxg6 19.Qc4 Rfd8 20.Ba5 Rd5 21.b4 Bb6 22.Bxb6 axb6
23.Qxc6 Qd8 24.h3 Rd2 25.Qf3 Ra7 26.Rc6 Rad7 27.Rac1 Rd1+ 28.Kh2
Rxc1 29.Rxc1 Rd2 30.Qf4 g5 31.Qf3 Ra2 32.Rd1 Qc7+ 33.Qg3 Qxg3+
34.Kxg3 Rxa4 35.Rb1 f5 36.Rb2 Kf7 37.Kf3 e5 38.e4 g6 39.Ke2 Ra3
40.b5 Ra4 41.f3 fxe4 42.fxe4 Rxe4+ 43.Kf3 Rf4+ 44.Ke3 g4 45.hxg4
Rxg4 46.Kf3 {1/2-1/2, Greely Simon - Bass John (ENG) 2090, Exmouth (England) 2006.04.17}
) 13.f4 c5 14.dxc5 Qxc5 15.Nxd7 Nxd7 16.Ne4 Qd5 17.Qxd5 exd5
18.Bxb4 dxe4 19.Bb5 Rfd8 20.Be7 Nf6 21.Bxd8 Rxd8 22.h3 a6 23.Bc4
h6 24.f5 Rd2 25.g4 Bxg4 26.hxg4 Nxg4 27.Rad1 Rxb2 28.Rd8+ Kh7
29.Bxf7 h5 30.Bxh5 Nxe3 31.Bg6+ Kh6 32.Re1 Ng4 33.Rxe4 Kg5 34.Rdd4
Rb1+ 35.Kg2 Rb2+ 36.Kf3 Rb3+ 37.Ke2 Nh6 38.Rb4 Ra3 39.Rxb7 Nxf5
40.Bxf5 Kxf5 41.Re3 Ra2+ 42.Kf3 g5 43.Rb4 Ra1 44.Rc3 Rh1 45.Rc5+
Kg6 46.Rg4 Rh3+ 47.Ke4 Rh5 48.Rc6+ Kf7 49.Rxa6 1-0

[Event "Washington Class Championships"]
[Site "Redmond, WA"]
[Date "2012.11.23"]
[Round "1"]
[White "Le Blanc Paul  (CAN)"]
[Black "Dhingra Sangeeta  (WA)"]
[Result "1-0"]
[WhiteElo "1903"]
[BlackElo "1703"]
[Annotator ""]
[Source ""]
[Remark "A"]

1.d4 Nf6 2.c4 e6 3.g3 d5 4.Bg2 Be7 5.Nf3 b6 6.O-O Bb7 7.Nc3 O-O
8.Ne5 Nbd7 9.Qa4 c5 10.Nxd7 Qxd7 11.Qxd7 Nxd7 12.cxd5 cxd4
( 12...cxd4 13.Nb5 Bxd5 14.Bxd5 exd5 15.Nxd4 Rac8 16.Rd1 Nf6
17.Bg5 h6 18.Nf5 Bd8 19.Bf4 Rc2 20.Rd2 Rxd2 21.Bxd2 Ne4 22.Bb4
Re8 23.Rd1 Bf6 24.Ba3 Rd8 25.e3 Kh7 26.f3 Nc5 27.Kf2 Ne6 28.Be7
Bxe7 29.Nxe7 d4 30.exd4 Rxd4 31.Rxd4 Nxd4 32.Ke3 Nc2+ 33.Ke4
Nb4 34.a3 Na6 35.Nc8 Nc5+ 36.Kd4 Na4 37.b3 Nc5 38.b4 Ne6+ 39.Ke3
a5 40.Nxb6 axb4 41.axb4 Kg6 42.Nd7 Nc7 43.Kd4 Kf5 44.Kc5 Ke6
45.Kc6 Na6 46.Nc5+ {1-0, Horvath Jozsef M (HUN) 2167 - Cserhati Z, Eger (Hungary) 1996}
) 13.Nb5 Bxd5 14.Bxd5 exd5 15.Nxd4 Bc5 16.Rd1 Nf6 17.Bf4 Rfe8
18.e3 h6 19.h4 Rad8 20.Rac1 Re4 21.a3 Bxd4 22.Rxd4 Rxd4 23.exd4
Rd7 24.b4 Ne4 25.f3 Nd6 26.Bxd6 Rxd6 27.Rc8+ Kh7 28.Rc7 Rf6 29.Kf2
a6 30.a4 Kg6 31.Ra7 b5 32.axb5 axb5 33.Rb7 Rc6 34.Rxb5 Rc4 35.Ke3
Rc3+ 36.Kf4 Rc4 37.Ke3 Rc3+ 38.Kf4 Rc4 39.Ke5 Rc3 40.Kxd5 Rxf3
41.Kc6 Rxg3 42.d5 f5 43.d6 f4 44.d7 Rd3 45.Rd5 Rc3+ 46.Kb7 1-0

[Event "Washington Class Championships"]
[Site "Redmond, WA"]
[Date "2012.11.23"]
[Round "1"]
[White "Haining Breck  (WA)"]
[Black "Sehgal Rahul  (WA)"]
[Result "1/2-1/2"]
[WhiteElo "1334"]
[BlackElo "1260"]
[Annotator ""]
[Source ""]
[Remark "D"]

1.e4 e5 2.Nf3 Nc6 3.Nc3 Nf6 4.Bc4 Nxe4 5.Nxe4 d5 6.Bd3 dxe4 7.Bxe4
Bd6 8.c3 f5 9.Bxc6+ bxc6 ( 9...bxc6 10.d4 e4 11.Ng5 Qf6 12.O-O
h6 13.Nh3 f4 14.Re1 Bxh3 15.Qh5+ g6 16.Qxh3 Qf5 17.Qd3 Kd7 18.Rxe4
Rae8 19.f3 Re6 20.Bd2 g5 21.Rae1 Rhe8 22.Qb1 h5 23.Rxe6 Qxb1
24.Rxd6+ cxd6 25.Rxb1 Re2 26.Rd1 g4 27.fxg4 hxg4 28.Bxf4 {1-0, Slovak Pavel (CZE) 2084 - Riha Otmar (CZE) 1985, Brno (Czech Republic) 2006.07.08}
) 10.d4 e4 11.Bg5 Be7 12.Bxe7 Qxe7 13.Ne5 c5 14.Qa4+ Bd7 15.Qxd7+
Qxd7 16.Nxd7 Kxd7 17.dxc5 Kc6 18.b4 Rad8 19.Rd1 Kb5 20.Ke2 Kc4
21.Rd4+ Rxd4 22.cxd4 Kxd4 23.Rd1+ Ke5 24.Rd7 Rb8 25.a3 a5 26.Rxg7
axb4 27.axb4 Rxb4 28.Rxc7 Rb2+ 29.Ke1 Rb1+ 30.Kd2 Rb2+ 31.Ke1
Rb1+ 32.Ke2 Rb2+ 1/2-1/2

[Event "Washington Class Championships"]
[Site "Redmond, WA"]
[Date "2012.11.23"]
[Round "2"]
[White "Lee Megan  (WA)"]
[Black "Sang Tian  (WA)"]
[Result "0-1"]
[WhiteElo "2101"]
[BlackElo "2213"]
[Annotator ""]
[Source ""]
[Remark "Master"]

1.e4 e5 2.Nf3 Nc6 3.Bb5 f5 4.Bxc6 dxc6 5.Nxe5 Qd4 6.Nf3 Qxe4+
7.Qe2 Qxe2+ 8.Kxe2 Bd6 9.Re1 Ne7 10.d4 O-O 11.Kf1 Ng6 12.c4 c5
13.d5 f4 14.b3 h6 15.Nbd2 a5 16.Ne4 Bf5 17.Bb2 a4 18.Rad1 b6
19.Rd2 Bg4 20.Ng1 axb3 21.h3 Bd7 22.axb3 b5 23.Nf3 bxc4 24.bxc4
Ra4 25.Rc2 Bf5 26.Rcc1 Rb8 27.Ba1 Rba8 28.Nfd2 f3 29.g3 Bxh3+
30.Kg1 Bf5 31.Bc3 Ra2 32.Nxf3 Rf8 33.Kg2 Bg4 34.Nfd2 h5 35.Ra1
Rc2 36.Ra7 Be5 37.Ba5 Bd4 38.Bxc7 Rxd2 39.Nxd2 Rxf2+ 40.Kh1 Rxd2
41.Ra3 Bh3 42.Rae3 Bg2+ 43.Kg1 h4 44.g4 h3 45.Bg3 h2+ 0-1

[Event "Washington Class Championships"]
[Site "Redmond, WA"]
[Date "2012.11.23"]
[Round "2"]
[White "Collyer Curt  (WA)"]
[Black "MacGregor Michael  (WA)"]
[Result "1-0"]
[WhiteElo "2288"]
[BlackElo "2214"]
[Annotator ""]
[Source ""]
[Remark "Master"]

1.Nf3 Nf6 2.g3 g6 3.b3 Bg7 4.Bb2 d5 5.Bg2 O-O 6.d3 c5 7.e3 Nc6
8.Nbd2 d4 9.exd4 cxd4 10.a3 Nd5 11.b4 a6 12.O-O f5 13.Nb3 e5
14.Nfd2 Nc3 15.Bxc3 dxc3 16.Nc4 Be6 17.Nc5 Bxc4 18.dxc4 e4 19.Nxb7
Qc7 20.Qd5+ Kh8 21.Nd6 Rab8 22.Rfd1 Ne5 23.c5 h6 24.Rab1 Kh7
25.Rb3 Nc6 26.Bf1 Ne7 27.Qe6 Rf6 28.Qc4 Ra8 29.Rxc3 Nc6 30.Qd5
Rd8 31.Bc4 Ne7 32.Qd2 Nc8 33.Qe2 Nxd6 34.cxd6 Qb6 35.d7 Rc6 36.Rb3
Qc7 37.Bd5 Rxc2 38.Qxa6 Rxd7 39.Qe6 Rd8 40.Re3 Rc1 41.Rxc1 Qxc1+
42.Kg2 Qd2 43.Bc4 h5 44.b5 Qc2 45.Re2 Qb1 46.Qb6 Rd1 47.Bf7 Rg1+
48.Kh3 Qf1+ 49.Kh4 Rxg3 50.fxg3 {%02'time'} 1-0

[Event "Washington Class Championships"]
[Site "Redmond, WA"]
[Date "2012.11.24"]
[Round "4"]
[White "Smith Andrew  (WA)"]
[Black "Shaji Karthik  (WA)"]
[Result "1-0"]
[WhiteElo "988"]
[BlackElo "661"]
[Annotator ""]
[Source ""]
[Remark "F"]

1.e4 e5 2.Nf3 Nc6 3.d4 d6 4.dxe5 Nxe5 5.Nxe5 dxe5 6.Qxd8+ Kxd8
7.Bc4 f6 8.O-O Bc5 9.c3 f5 10.Bg5+ Ne7 11.Nd2 f4 12.Nf3 h6 13.Rad1+
Ke8 14.Bxe7 Kxe7 15.Nxe5 g5 16.Ng6+ Kf6 17.Nxh8 Bg4 18.Rd5 Bd6
19.Nf7 Be6 20.e5+ Bxe5 21.Rxe5 Bxc4 22.Rfe1 Kxf7 23.b3 Bb5 24.Rxb5
b6 25.Rbe5 Rd8 26.Re7+ Kg6 27.h3 Rc8 28.g3 Kf6 29.g4 a5 30.R1e6# 1-0

[Event "Washington Class Championships"]
[Site "Redmond, WA"]
[Date "2012.11.23"]
[Round "1"]
[White "Pazderic Nicola  (WA)"]
[Black "Soetedjo James  (WA)"]
[Result "1/2-1/2"]
[WhiteElo "1922"]
[BlackElo "1730"]
[Annotator ""]
[Source ""]
[Remark "A"]

1.e4 c5 2.Bc4 Nc6 3.c3 Nf6 4.Qe2 d6 5.Nf3 Bg4 6.O-O e6 7.h3 Bxf3
8.Qxf3 Be7 9.Qg3 O-O 10.Re1 Ne5 11.Bb3 Nh5 12.Qe3 Bg5 13.Qe2
Nf4 14.Qf1 Nfd3 15.Rd1 Qf6 16.Na3 Qf4 17.Nc4 Nxc1 18.Raxc1 Nxc4
19.Qxc4 a6 20.Qe2 Be7 21.g3 Qf6 22.d4 cxd4 23.cxd4 1/2-1/2

[Event "Washington Class Championships"]
[Site "Redmond, WA"]
[Date "2012.11.23"]
[Round "1"]
[White "Velichko Constantin  (WA)"]
[Black "Whitmer Catherine  (WA)"]
[Result "1-0"]
[WhiteElo "1115"]
[BlackElo "615"]
[Annotator ""]
[Source ""]
[Remark "E"]

1.c4 e5 2.Nc3 Nf6 3.Nf3 Nc6 4.g3 Bb4 5.Bg2 O-O 6.a3 Ba5 7.b4
Bb6 8.c5 e4 9.Ng5 h6 10.Ngxe4 Nxe4 11.Nxe4 Re8 12.cxb6 axb6 13.Bb2
d5 14.Nc3 Qe7 15.Nxd5 Qd8 16.O-O Bg4 17.f3 Bf5 18.e4 Bg6 19.d3
Re6 20.Nf4 Rd6 21.Qb3 b5 22.e5 Rd7 23.e6 Rd6 24.exf7+ Bxf7 25.Qc3
Nd4 26.Qc5 Raa6 27.Bxd4 Rxd4 28.Qxb5 c6 29.Qxb7 Rb6 30.Qa7 Rd7
31.Qa4 Rc7 32.Qc2 Qd4+ 33.Kh1 c5 34.Rfd1 Rbc6 35.Ne2 Qd7 36.Rac1
cxb4 37.Qb2 Qd6 38.axb4 Rb7 39.Rxc6 Qxc6 40.f4 Rxb4 41.Qxb4 Bd5
42.Qc4 Qxc4 43.dxc4 Bxc4 44.Bd5+ Bxd5+ 45.Rxd5 Kh7 46.h4 g5 47.hxg5
h5 48.f5 Kg7 49.g6 h4 50.gxh4 Kh8 51.Ng3 Kg8 52.f6 Kh8 53.Rd8# 1-0

[Event "Washington Class Championships"]
[Site "Redmond, WA"]
[Date "2012.11.25"]
[Round "6"]
[White "Yin Tom  (WA)"]
[Black "Baturytski Anuta  (WA)"]
[Result "1-0"]
[WhiteElo "741"]
[BlackElo "405"]
[Annotator ""]
[Source ""]
[Remark "F"]

1.e4 e5 2.Nf3 Nc6 3.d4 exd4 4.Nxd4 Nxd4 5.Qxd4 Nf6 6.Bc4 Qe7
7.O-O Nxe4 8.Re1 Qd6 9.Rxe4+ Be7 10.Qxd6 cxd6 11.Nc3 O-O 12.Rxe7
b6 13.Bf4 Bb7 14.Bxd6 a6 15.Rxd7 Ra7 16.Bxf8 Kxf8 17.Rxf7+ Ke8
18.Re1+ Kd8 19.Rf8+ Kc7 20.Rf7+ Kb8 21.Re8+ Bc8 22.Rff8 Rc7 23.Be6
Ka7 24.Bxc8 Rc6 25.Rf7+ Kb8 26.Be6+ Rc8 27.Rxc8# 1-0

[Event "Washington Class Championships"]
[Site "Redmond, WA"]
[Date "2012.11.25"]
[Round "6"]
[White "Saroiu Nicholas  (WA)"]
[Black "Reis Liam  (WA)"]
[Result "1-0"]
[WhiteElo "602"]
[BlackElo "944"]
[Annotator ""]
[Source ""]
[Remark "F"]

1.e4 c5 2.d4 cxd4 3.Qxd4 Nc6 4.Qd1 d6 5.Be2 Nf6 6.Nc3 e6 7.Bb5
Bd7 8.Bxc6 Bxc6 9.Nf3 Bxe4 10.Bg5 Bxf3 11.Qxf3 Be7 12.Qxb7 O-O
13.O-O-O Qa5 14.Qxe7 Qxg5+ 15.Kb1 Qxg2 16.Rhg1 Qxf2 17.Qxd6 Rab8
18.Qg3 Ng4 19.Qxg4 g6 20.h4 h5 21.Qg5 ( 21.Qxh5 ) Qb6 22.b3 Rfc8
23.Na4 Qc7 24.c3 Qc6 25.Ka1 Qa6 26.Qxh5 Rb5 27.Qh6 Rh5 28.Qxh5
Kf8 29.Qh8+ Ke7 30.Qg7 Ke8 31.Rgf1 Rc7 32.Qg8+ Ke7 33.Qxf7# 1-0

[Event "Washington Class Championships"]
[Site "Redmond, WA"]
[Date "2012.11.24"]
[Round "4"]
[White "Smolak Frederick  (WA)"]
[Black "Mies J C  (WA)"]
[Result "0-1"]
[WhiteElo "1259"]
[BlackElo "1374"]
[Annotator ""]
[Source ""]
[Remark "C"]

1.d4 Nf6 2.c4 g6 3.Nc3 Bg7 4.e4 d6 5.Nf3 O-O 6.Be2 e5 7.O-O Nc6
8.d5 Ne7 9.b4 Ne8 10.c5 f5 11.Qc2 Nf6 12.Bd3 f4 13.Nb5 Nfxd5
14.Bc4 Kh8 15.exd5 Bf5 16.Qd2 e4 17.Nfd4 a6 18.Nc3 f3 19.Ne6
Bxe6 20.dxe6 fxg2 21.Kxg2 Nf5 22.Rb1 Nh4+ 23.Kh1 Nf3 24.Qe3 Qh4
25.Qxf3 exf3 26.Bb3 Be5 0-1